000 01899nam0a2200385 4500
001 RU\NLR\bibl\1893023
005 20260406004015.0
010 _a978-5-397-02745-8
021 _aRU
_b2012-22992
_91719
035 _a(nilc)rc\1421890
035 _a(NLR Aleph) 001882699
090 _a2812607
_c2812607
100 _a20070628e20121884|||y0rusy50 ca
101 0 _arus
102 _aRU
105 _ay |||||||||
200 1 _aО разводе по русскому праву
_eисследование бракоразводного права в России
_eот эпохи древних славян до второй половины XIX века
_fА.И. Загоровский
205 _aИзд. 2-е
210 _aМосква
_cURSS
_cЛИБРОКОМ
_d2012
215 _a492 с.
_d22
225 1 _aАкадемия фундаментальных исследований: история
300 _aНа тит. л. ориг. изд. вых. дан.: Харьков, Тип. М.Ф. Зильберберга
320 _aБиблиогр. в подстроч. прим.
455 0 _12001#$aО разводе по русскому праву$eисследование Александра Загоровского, доцента Харьковского Университета
_1210##$aХарьков$d1884
_tО разводе по русскому праву
606 1 _aРазвод
_xИстория
_yРоссия
_92627555
_3RU\NLR\auth\661564115
686 _aХ2(2)0-62
686 _aХ819(2)735.3
700 1 _4070
_8rus
_7ca
_aЗагоровский
_bА. И.
_f1850-ок.1910
_gАлександр Иванович
_3RU\NLR\auth\77113532
_996457
801 0 _aRU
_bNLR
_c20070628
_gpsbo
801 0 _aRU
_bРГБ
_c20070628
_gRCR
_2psbo
801 1 _aRU
_bProSoft-M
_c20070628
_2rusmarc
801 2 _aRU
_bNLR
_c20120416
_grcr
942 _cBOOK
980 _aNB